| 000 | 00533nam a2200205Ia 4500 | ||
|---|---|---|---|
| 005 | 20260429112213.0 | ||
| 008 | 260429s9999||||xx |||||||||||||| ||und|| | ||
| 020 | _a9789357510479 | ||
| 041 | _aEnglish | ||
| 082 |
_a539.7 _bSIN |
||
| 100 | _aSingh, Arun Kumar | ||
| 245 | 0 |
_aAdvanced atomic physics / _cArun Kumar Singh |
|
| 250 | _a1st ed. | ||
| 260 |
_aNew Delhi : _bRandom Publications, _c2023. |
||
| 300 | _ax, 236 p.; hb | ||
| 650 | _a Atomic physics | ||
| 650 | _a Nuclear physics | ||
| 650 | _aPhysics | ||
| 942 | _cTB | ||
| 999 |
_c52883 _d52883 |
||